|
|
|
|
| LEADER |
00000cam a2200000 7i4500 |
| 001 |
0000005833 |
| 005 |
20220105104014.0 |
| 008 |
070810 |
| 020 |
|
|
|a 9833090028
|
| 090 |
0 |
0 |
|a JP
|b EL ENG (7135)
|
| 245 |
0 |
2 |
|a A visit to a zoo
|
| 260 |
|
|
|a Selangor :
|b Early Learner Publications ,
|c 2004
|
| 440 |
|
|
|a I can read
|
| 500 |
|
|
|a Children age 4-6 years old (yellow)
|
| 650 |
|
0 |
|a Junior preschool
|x English
|x Languages
|
| 999 |
|
|
|a 0000981782
|b Book
|c Children Collection
|e Perbadanan Perpustakaan Awam Johor
|
| 999 |
|
|
|a 0000981783
|b Book
|c Children Collection
|e Perbadanan Perpustakaan Awam Johor
|
| 999 |
|
|
|a 0000981784
|b Book
|c Children Collection
|e Perbadanan Perpustakaan Awam Johor
|
| 999 |
|
|
|a 0000981785
|b Book
|c Children Collection
|e Perbadanan Perpustakaan Awam Johor
|